000 01172nam a2200277 a 4500
001 BRCA_21
005 20190320202839.0
008 971203s1997 mx-a---##b---#000-0#spa-#
020 _a9701800060
040 _aDLC
_cDLC
050 4 _aF1211.H9
_b.H65 1997
245 1 0 _aAlejandro de Humboldt en México
_cFrank Holl ... [et. al.].
260 _aMéxico
_bINAH ; Instituto Goethe
_c1997
300 _a216 p.
_bil. (algunas a color), mapas
_c23 cm.
500 _aCatálogo de la exposición realizada en el Museo de la Secretaría de Hacienda y Crédito Público, Antiguo Palacio del Arzobispado (Ciudad de México), mayo-agosto, 1997.
500 _aEstado físico: encuadernado, enero 2013
504 _aIncluye referencias bibliográficas
600 1 4 _aHumboldt, Alexander N. Freiherr von
_d1769-1859
_vCatálogos
_xExposiciones
_999
650 1 4 _aExpediciones científicas
_xExposiciones
_zMéxico
_9100
650 1 4 _aCientíficos
_xBiografía
_zAlemania
_9101
650 1 4 _aNaturalistas
_xBiografía
_zAlemania
_9102
651 4 _aMéxico
_xDescripción y viajes
_9103
653 0 _aViajeros extranjeros en México - Siglo XIX
700 1 _aHoll, Frank
_9104
942 _2lcc
_cB
999 _c21
_d21